| 000 | 00363nam a22001457a 4500 | ||
|---|---|---|---|
| 999 |
_c14797 _d14797 |
||
| 020 | _a9788183601092 | ||
| 082 |
_a664.8 _bPHI/PR |
||
| 100 |
_aPhirke, Prabhakar, S _92010 |
||
| 245 | _aProcessing and conveying equipment design | ||
| 250 | _a2nd | ||
| 260 |
_aNew Delhi _bJain Brothers _c2009 |
||
| 300 | _a271p | ||
| 700 |
_aSiripurapu, S.C.B _92011 |
||
| 942 | _cBK | ||